LIBRARY & INFORMATION CENTRE, KCAET, TAVANUR

ONLINE PUBLIC ACCESS CATALOGUE (OPAC)

Soils of the tropics / (Record no. 9831)

MARC details
000 -LEADER
fixed length control field 00480cam a2200193ua 4500
041 ## - LANGUAGE CODE
Language code of text/sound track or separate title eng
082 ## - DEWEY DECIMAL CLASSIFICATION NUMBER
Classification number 631.4012
Item number MON/SO
100 ## - MAIN ENTRY--AUTHOR NAME
Personal name Mongia, A D .
245 ## - TITLE STATEMENT
Title Soils of the tropics /
250 ## - EDITION STATEMENT
Edition statement 1 /
260 ## - PUBLICATION, DISTRIBUTION, ETC. (IMPRINT)
Place of publication New Delhi :
Name of publisher Vikas publishing house pvt ltd ,
Year of publication 1993.
300 ## - PHYSICAL DESCRIPTION
Number of Pages 202 ; .
700 1# - ADDED ENTRY--PERSONAL NAME
Personal name Bandyopadhyay, .
942 ## - ADDED ENTRY ELEMENTS (KOHA)
Koha item type Books
Holdings
Withdrawn status Lost status Damaged status Home library Current library Date acquired Full call number Accession Number Koha item type
      KAUAET KAUAET 07/04/2012 631.4012 18503 Books
free website counter